1896 Summer Olympics Sports Quiz - Statistics

General Stats
  • This quiz has been taken 40 times
  • The average score is 7 of 11
Answer Stats
Answer % Correct
Athletics
95%
Swimming
95%
Wrestling
86%
Road Cycling
62%
Track Cycling
62%
Fencing
59%
Shooting
59%
Tennis
57%
Gymnastics
54%
Sailing
43%
Weightlifting
43%
No matching quizzes found
Score Distribution
Percent of People with Each Score
Percentile by Number Answered
Your Score History
You have not taken this quiz